Distribution par images - Monsieur Klein - Statistiques

Statistiques générales
  • Ce quiz a été pris 25 fois
  • Le résultat moyen est 4 sur 9
Statistiques - réponses
Par images Hint Réponse % Correct
Robert Klein Alain Delon
100%
Florence Jeanne Moreau
87%
Vendeur Jean Bouise
61%
Pierre Michael Lonsdale
48%
Klein Louis Seigner
30%
Fonctionnaire Michel Aumont
30%
Concierge Suzanne Flon
30%
Nicole Francine Bergé
17%
Jeanine Juliet Berto
13%
Aucun quiz correspondant
Distribution des résultats
% des personnes avec chaque résultat
Percentile par nombre de réponses
Votre historique - résultats
Vous n’avez pas pris ce quiz